Integrated electronics (Record no. 188548)
[ view plain ]
| 000 -LEADER | |
|---|---|
| fixed length control field | 01333 a2200193 4500 |
| 003 - CONTROL NUMBER IDENTIFIER | |
| control field | Nust |
| 005 - DATE AND TIME OF LATEST TRANSACTION | |
| control field | 20221121182719.0 |
| 020 ## - INTERNATIONAL STANDARD BOOK NUMBER | |
| International Standard Book Number | 0074622455 |
| 040 ## - CATALOGING SOURCE | |
| Transcribing agency | Nust |
| 082 ## - DEWEY DECIMAL CLASSIFICATION NUMBER | |
| Classification number | 621.381,MIL |
| 100 ## - MAIN ENTRY--PERSONAL NAME | |
| Personal name | Millman, Jacob |
| 9 (RLIN) | 41595 |
| 245 ## - TITLE STATEMENT | |
| Title | Integrated electronics |
| Remainder of title | analog and digital circuits and systems / |
| Statement of responsibility, etc. | Jacob Millman and Christos C. Halkias |
| 260 ## - PUBLICATION, DISTRIBUTION, ETC. | |
| Place of publication, distribution, etc. | New Delhi |
| Name of publisher, distributor, etc. | Tata McGraw-Hill |
| Date of publication, distribution, etc. | 1972 |
| 300 ## - PHYSICAL DESCRIPTION | |
| Extent | xv, 910 p. |
| 505 ## - FORMATTED CONTENTS NOTE | |
| Formatted contents note | Energy Bands In Solids (Page-1), Transport Phenomena In Semiconductors (Page-19), Junction-Diode Characteristics (Page-49), Diode Circuits (Page-87), Transistor Characteristics (Page-118), Digital Circuits (Page-156), Integrated Circuits (Page-196), The Transistor At Low Frequencies (Page-233), Transistor Biasing And Thermal Stabilization (Page-282), Field Effect Transistors (Page-310), The Transistors At High Frequencies (Page-348), Multistage Amplifiers (Page-372), Feedback Amplifiers (Page-408), Stability And Oscillators (Page-447), Operational Amplifiers (Page-501), Integrated Circuits As Analog System Building Blocks (Page-537), Integrated Circuits As Digital System Building Blocks (Page-593), Power Circuits And Systems (Page-677), Semiconductor-Devices Physics (Page-726). |
| 650 ## - SUBJECT ADDED ENTRY--TOPICAL TERM | |
| Topical term or geographic name entry element | Telecom engineering |
| 9 (RLIN) | 103227 |
| 700 ## - ADDED ENTRY--PERSONAL NAME | |
| Personal name | Halkias, Christos C. |
| 9 (RLIN) | 103313 |
| 942 ## - ADDED ENTRY ELEMENTS (KOHA) | |
| Source of classification or shelving scheme | |
| Koha item type | Book |
| Withdrawn status | Lost status | Source of classification or shelving scheme | Damaged status | Not for loan | Permanent Location | Current Location | Shelving location | Date acquired | Full call number | Barcode | Date last seen | Price effective from | Koha item type | Public note |
|---|---|---|---|---|---|---|---|---|---|---|---|---|---|---|
| Military College of Signals (MCS) | Military College of Signals (MCS) | General Stacks | 12/12/2016 | 621.381,MIL | MCS30485 | 12/08/2016 | 12/12/2016 | Book | Almirah No.31, Shelf No.4 |
